01439cam a22003974i 4500003000900000005001700009008004100026020001500067020001800082035002000100040003300120082001900153100003100172245011100203264004300314300004200357336002100399337002500420338002300445504003900468504003300507505032400540526001000864526001000874526001000884526001000894526000800904526000800912526000800920526000800928526000800936526000800944526000800952650002700960650005400987PE-LiUPU20250731173115.0190320s2017 xxu rb 001 0 eng d a0801049490 a9780801049491 a(Sirsi) a251989 aPE-LiUPUbspacPE-LiUPUerda04a230.1bV392231 aVeeneman, Mary M.,eautor.10aIntroducing theological method :ba survey of contemporary theologians and approaches /cMary M. Veeneman. 1aGrand Rapids :bBaker Academic,c2017. av, 202 páginas ;c23 centímetros. atext2rdacontent aunmediated2rdamedia avolume2rdacarrier aBibliografía: páginas 192-197. aÍndice: páginas 198-202.0 aThe context of modern theology -- The work of theology -- Neo-orthodox and ressourcement theologies -- Theologies of correlation -- Postliberal theologies -- Evangelical theologies -- Political theologies -- Feminist theologies -- Theologies of religious pluralism and comparative theology -- Where do we go from here?. aSEG42 aSEG41 aSEG40 aSEG39 aP94 aP87 aP86 aP85 aP77 aP76 aP3504aTheologyxMethodology.07aTheologyxMethodology.2fast0(OCoLC)fst01149580.